Statistics for Films d'Alfred Hitchcock

Click here to take the quiz!

General Stats

  • This quiz has been taken 8 times
  • The average score is 21 of 62

Answer Stats

AnnéeRéponse% Correct
1954Fenêtre sur cour
88%
1963Les Oiseaux
88%
1964Pas de printemps pour Marnie
88%
1960Psychose
88%
1959La Mort aux trousses
75%
1946Les Enchaînés
75%
1976Complot de famille
63%
1972Frenzy
63%
1948La Corde
63%
1955La Main au collet
63%
1966Le Rideau déchiré
63%
1943L'Ombre d'un doute
63%
1940Rebecca
63%
1958Sueurs froides
63%
1937Jeune et innocent
50%
1939La Taverne de la Jamaïque
50%
1954Le crime était presque parfait
50%
1956Le faux coupable
50%
1969L'étau
50%
1934L'Homme qui en savait trop
50%
1956L'Homme qui en savait trop
50%
1951L'Inconnu du Nord-Express
50%
1936Quatre de l'espionnage
50%
1941Soupçons
50%
1938Une femme disparaît
50%
1942Cinquième Colonne
38%
1940Correspondant 17
38%
1930Junon et le Paon
38%
1953La Loi du silence
38%
1945La Maison du Docteur Edwardes
38%
1950Le Grand Alibi
38%
1935Les 39 marches
38%
1949Les Amants du Capricorne
38%
1944Lifeboat
38%
1929Chantage
25%
1947Le Procès Paradine
25%
1955Mais qui a tué Harry ?
25%
1936Agent secret
13%
1932A l'est de Shanghai
13%
1944Aventure malgache
13%
1928
Champagne
13%
1941Joies matrimoniales
13%
1934Le Chant du Danube
13%
1927Le Ring
13%
1927Les Cheveux d'or
13%
1923Always Tell Your Wife
0%
1930An Elastic Affair
0%
1944Bon voyage
0%
1927Downhill
0%
1930Elstree Calling
0%
1928Laquelle des trois ?
0%
1925Le Jardin du plaisir
0%
1928Le passé ne meurt pas
0%
1931Mary
0%
1930Meurtre
0%
1922Number Thirteen
0%
1932Numéro dix-sept
0%
1944The Fighting Generation
0%
1929The Manxman
0%
1926The Mountain Eagle
0%
1931The Skin Game
0%
1944Watchtower over Tomorrow
0%

Score Distribution

Percentile by Number Answered

Percent of People with Each Score

Your Score History

You have not taken this quiz